00289pab a2200121 454500008004000000100001500040245004800055260000900103300001300112362000800125650002200133773001200155180718b2002 xxu||||| |||| 00| 0 eng d aRana, P.S. aIssues in financing of urban infrastructure c2002 ap.20-27. aApr aUrban development aShelter